| 000 | 00590nam a22001577a 4500 | ||
|---|---|---|---|
| 003 | OSt | ||
| 005 | 20150910142447.0 | ||
| 008 | 150910b xxu||||| |||| 00| 0 eng d | ||
| 040 | _cRUA | ||
| 082 | _aAGR ប៉ៅ 1994 B010 Or.1 | ||
| 100 |
_9242 _aប៉ៅ គឹមហួត |
||
| 245 | _aបញ្ហាក្សេត្រសាស្ត្រនិងសក្តានុពលភាពនៃដំណាំក្រូចពោធិសាត់ នៅខេត្តបាត់ដំបង | ||
| 260 |
_aPhnom Penh _bRUA _c1994 |
||
| 300 |
_a118p. _bill. _c29cm. |
||
| 942 |
_2ddc _cAGR |
||
| 999 |
_c226 _d226 |
||